| 000 | 01495nam0a22003011 4500 | ||
|---|---|---|---|
| 001 | rc\3710368 | ||
| 005 | 20130115152903.2 | ||
| 021 |
_aRU _b[69-68970] |
||
| 035 | _a(NLR Aleph) 007857652 | ||
| 090 |
_a7793556 _c7793556 |
||
| 100 | _a20130115d1969 |||y0rusy50 ca | ||
| 101 | 0 | _arus | |
| 102 | _aRU | ||
| 105 | _ay z ||||| | ||
| 200 | 1 |
_aСборник нормативных материалов для проектирования рыбоводных хозяйств _fМ-во рыбного хоз-ва СССР. Гос. ин-т по проектированию гидротехн., рыбоводно-мелиорат. и прудовых сооружений "Гидрорыбпроект" |
|
| 210 |
_aМосква _cБ. и. _d1969 |
||
| 215 |
_a181 с. _d21 |
||
| 300 | _aНа обороте тит. л.: приняли участие Каспин Б.А., Ярошевский В.Н., Шлихунов В.М. [и др.] | ||
| 606 |
_aРыбоводные хозяйства _xПроектирование _jНормативные и руководящие материалы _2psbo |
||
| 702 | 1 |
_aЯрошевский _bВ. Н. _4570 |
|
| 702 | 1 |
_aШлихунов _bВ. М. _4570 |
|
| 702 | 1 |
_aКаспин _bБ. А. _gБорис Александрович _4570 |
|
| 712 | 0 | 2 |
_a"Гидрорыбпроект", институт _cМосква _3RU\NLR\AUTH\8810008069 |
| 801 | 0 |
_aRU _bNLR _gpsbo |
|
| 801 | 1 |
_aRU _bELAR _2rusmarc |
|
| 852 |
_aNLR _j69-3/6294 |
||
| 942 | _cBOOK | ||
| 980 | _aNB | ||